[Event "Stay Safe Play From Home 177"]
[Site "T#646359Emanuel Laske"]
[Date "2020.05.26"]
[Round "3"]
[White "Greblah"]
[Black "Mandy"]
[Result "1-0"]
[WhiteElo "1798"]
[BlackElo "1181"]
[Annotator "NA RC"]
[PlyCount "51"]
[EventDate "2020.05.26"]
[EventType "swiss (blitz)"]

1. e4 {[%emt 0:00:01]} c6 {[%emt 0:00:03]} 2. d4 {[%emt 0:00:01]} d5 {[%emt 0:00:01]} 3. exd5 {[%emt 0:00:01]} cxd5 {[%emt 0:00:02]} 4. Bd3 {[%emt 0:00:00]} Nf6 {[%emt 0:00:05]} 5. c3 {[%emt 0:00:01]} g6 {[%emt 0:00:01]} 6. Nf3 {[%emt 0:00:05]} Bg7 {[%emt 0:00:01]} 7. Nbd2 {[%emt 0:00:01]} O-O {[%emt 0:00:02]} 8. Ne5 {[%emt 0:00:01]} Bf5 {[%emt 0:00:03]} 9. Ndf3 {[%emt 0:00:02]} Bxd3 {[%emt 0:00:07]} 10. Qxd3 {[%emt 0:00:01]} Ne4 {[%emt 0:00:02]} 11. O-O {[%emt 0:00:06]} Bxe5 {[%emt 0:00:02]} 12. Nxe5 {[%emt 0:00:02]} f6 {[%emt 0:00:04]} 13. Ng4 {[%emt 0:00:14]} h5 {[%emt 0:00:08]} 14. Ne3 {[%emt 0:00:08]} e6 {[%emt 0:00:10]} 15. f3 {[%emt 0:00:06]} Nd6 {[%emt 0:00:10]} 16. Qxg6+ {[%emt 0:00:01]} Kh8 {[%emt 0:00:13]} 17. Qxh5+ {[%emt 0:00:01]} Kg8 {[%emt 0:00:05]} 18. Qg4+ {[%emt 0:00:03]} Kf7 {[%emt 0:00:02]} 19. Qh5+ {[%emt 0:00:02]} Ke7 {[%emt 0:00:02]} 20. Re1 {[%emt 0:00:07]} Nf7 {[%emt 0:00:01]} 21. Nxd5+ {[%emt 0:00:07]} Qxd5 {[%emt 0:00:06]} 22. Qxd5 {[%emt 0:00:02]} Nd7 {[%emt 0:00:09]} 23. Qxe6+ {[%emt 0:00:02]} Kd8 {[%emt 0:00:05]} 24. Qe7+ {[%emt 0:00:08]} Kc8 {[%emt 0:00:07]} 25. Qxf8+ {[%emt 0:00:06]} Kc7 {[%emt 0:00:01]} 26. Qxf7 {[%emt 0:00:03] Mandy gibt auf (Lag: Av=0.30s, max=0.4s)} 1-0

[Event "Stay Safe Play From Home 177"]
[Site "T#646359Emanuel Laske"]
[Date "2020.05.26"]
[Round "3"]
[White "Haris kollari 13"]
[Black "Haxhi Baha"]
[Result "0-1"]
[WhiteElo "1798"]
[BlackElo "1987"]
[Annotator "NA"]
[PlyCount "78"]
[EventDate "2020.05.26"]
[EventType "swiss (blitz)"]

1. e4 {[%emt 0:00:03]} c5 {[%emt 0:00:09]} 2. Nf3 {[%emt 0:00:01]} Nc6 {[%emt 0:00:01]} 3. d4 {[%emt 0:00:01]} cxd4 {[%emt 0:00:00]} 4. Nxd4 {[%emt 0:00:00]} g6 {[%emt 0:00:00]} 5. Nc3 {[%emt 0:00:01]} Bg7 {[%emt 0:00:01]} 6. Be3 {[%emt 0:00:00]} Nf6 {[%emt 0:00:01]} 7. Be2 {[%emt 0:00:01]} O-O {[%emt 0:00:02]} 8. Qd2 {[%emt 0:00:01]} d5 {[%emt 0:00:01]} 9. exd5 {[%emt 0:00:04]} Nxd5 {[%emt 0:00:00]} 10. Nxd5 {[%emt 0:00:01]} Qxd5 {[%emt 0:00:01]} 11. Bf3 {[%emt 0:00:05]} Qc4 {[%emt 0:00:11]} 12. b3 {[%emt 0:00:09]} Qa6 {[%emt 0:00:10]} 13. Be2 {[%emt 0:00:07]} Qa3 {[%emt 0:00:05]} 14. O-O {[%emt 0:00:06]} Rd8 {[%emt 0:00:01]} 15. c3 {[%emt 0:00:01]} e5 {[%emt 0:00:02]} 16. Bf3 {[%emt 0:00:30]} exd4 {[%emt 0:00:04]} 17. Bxc6 {[%emt 0:00:02]} bxc6 {[%emt 0:00:06]} 18. cxd4 {[%emt 0:00:02]} Ba6 {[%emt 0:00:03]} 19. Rfc1 {[%emt 0:00:01]} c5 {[%emt 0:00:04]} 20. Rab1 {[%emt 0:00:12]} cxd4 {[%emt 0:00:02]} 21. Bg5 {[%emt 0:00:02]} Rd7 {[%emt 0:00:04]} 22. Rc6 {[%emt 0:00:05]} Bb7 {[%emt 0:00:05]} 23. Rc4 {[%emt 0:00:02]} Qd6 {[%emt 0:00:08]} 24. Rbc1 {[%emt 0:00:02]} Qd5 {[%emt 0:00:12]} 25. f3 {[%emt 0:00:01]} d3 {[%emt 0:00:19]} 26. Rc5 {[%emt 0:00:03]} Qd4+ {[%emt 0:00:01]} 27. Be3 {[%emt 0:00:02]} Qf6 {[%emt 0:00:02]} 28. Rc7 {[%emt 0:00:03]} Rxc7 {[%emt 0:00:14]} 29. Rxc7 {[%emt 0:00:01]} Ba6 {[%emt 0:00:01]} 30. Bg5 {[%emt 0:00:13]} Qa1+ {[%emt 0:00:07]} 31. Kf2 {[%emt 0:00:01]} Re8 {[%emt 0:00:06]} 32. Be3 {[%emt 0:00:09]} h5 {[%emt 0:00:15]} 33. Rxa7 {[%emt 0:00:10]} Bd4 {[%emt 0:00:07]} 34. Rxa6 {[%emt 0:00:08]} Bxe3+ {[%emt 0:00:01]} 35. Qxe3 {[%emt 0:00:00]} Rxe3 {[%emt 0:00:01]} 36. Kxe3 {[%emt 0:00:00]} Qe1+ {[%emt 0:00:04]} 37. Kf4 {[%emt 0:00:03]} d2 {[%emt 0:00:01]} 38. Kg5 {[%emt 0:00:02]} Kg7 {[%emt 0:00:01]} 39. f4 {[%emt 0:00:08]} d1=Q {[%emt 0:00:10] Haris kollari 13 resigns (Lag: Av=0.92s, max=1.7s)} 0-1

[Event "Stay Safe Play From Home 177"]
[Site "T#646359Emanuel Laske"]
[Date "2020.05.26"]
[Round "3"]
[White "Tvtower68"]
[Black "Mest"]
[Result "0-1"]
[WhiteElo "1790"]
[BlackElo "1636"]
[Annotator "NA"]
[PlyCount "100"]
[EventDate "2020.05.26"]
[EventType "swiss (blitz)"]

1. e4 {[%emt 0:00:02]} d5 {[%emt 0:00:03]} 2. e5 {[%emt 0:00:01]} d4 {[%emt 0:00:02]} 3. Nf3 {[%emt 0:00:01]} Nc6 {[%emt 0:00:01]} 4. b3 {[%emt 0:00:02]} Bf5 {[%emt 0:00:01]} 5. Bb2 {[%emt 0:00:04]} a6 {[%emt 0:00:04]} 6. Nxd4 {[%emt 0:00:04]} Nxd4 {[%emt 0:00:10]} 7. d3 {[%emt 0:00:04]} Nc6 {[%emt 0:00:06]} 8. g3 {[%emt 0:00:11]} e6 {[%emt 0:00:02]} 9. Bg2 {[%emt 0:00:01]} Bc5 {[%emt 0:00:05]} 10. O-O {[%emt 0:00:03]} Nge7 {[%emt 0:00:02]} 11. a3 {[%emt 0:00:10]} O-O {[%emt 0:00:02]} 12. b4 {[%emt 0:00:01]} Bb6 {[%emt 0:00:04]} 13. Qe1 {[%emt 0:00:11]} Rb8 {[%emt 0:00:06]} 14. Nd2 {[%emt 0:00:02]} Nd4 {[%emt 0:00:04]} 15. Rc1 {[%emt 0:00:11]} Qd7 {[%emt 0:00:25]} 16. Nc4 {[%emt 0:00:02]} Rfd8 {[%emt 0:00:06]} 17. Nxb6 {[%emt 0:00:06]} cxb6 {[%emt 0:00:02]} 18. Qe3 {[%emt 0:00:15]} b5 {[%emt 0:00:07]} 19. h3 {[%emt 0:00:09]} Ndc6 {[%emt 0:00:04]} 20. Qg5 {[%emt 0:00:25]} h6 {[%emt 0:00:13]} 21. Qf4 {[%emt 0:00:06]} Nd5 {[%emt 0:00:03]} 22. Qf3 {[%emt 0:00:17]} Nb6 {[%emt 0:00:05]} 23. g4 {[%emt 0:00:04]} Bg6 {[%emt 0:00:01]} 24. Qf4 {[%emt 0:00:10]} Na4 {[%emt 0:00:05]} 25. Ba1 {[%emt 0:00:01]} a5 {[%emt 0:00:12]} 26. h4 {[%emt 0:00:07]} axb4 {[%emt 0:00:04]} 27. axb4 {[%emt 0:00:01]} Nxb4 {[%emt 0:00:02]} 28. Qxb4 {[%emt 0:00:02]} Rbc8 {[%emt 0:00:12]} 29. h5 {[%emt 0:00:15]} Bh7 {[%emt 0:00:03]} 30. Qf4 {[%emt 0:00:05]} Rc7 {[%emt 0:00:05]} 31. g5 {[%emt 0:00:18]} hxg5 {[%emt 0:00:10]} 32. Qxg5 {[%emt 0:00:01]} Qe7 {[%emt 0:00:24]} 33. Qg4 {[%emt 0:00:07]} Rdc8 {[%emt 0:00:05]} 34. Qe2 {[%emt 0:00:20]} Qg5 {[%emt 0:00:05]} 35. d4 {[%emt 0:00:05]} Nc3 {[%emt 0:00:14]} 36. Bxc3 {[%emt 0:00:01]} Rxc3 {[%emt 0:00:02]} 37. Qd2 {[%emt 0:00:05]} Qxh5 {[%emt 0:00:03]} 38. Rfe1 {[%emt 0:00:03]} Rxc2 {[%emt 0:00:02]} 39. Rxc2 {[%emt 0:00:01]} Rxc2 {[%emt 0:00:03]} 40. Qf4 {[%emt 0:00:02]} Qf5 {[%emt 0:00:09]} 41. Qxf5 {[%emt 0:00:01]} Bxf5 {[%emt 0:00:01]} 42. Bxb7 {[%emt 0:00:01]} b4 {[%emt 0:00:02]} 43. Rd1 {[%emt 0:00:01]} b3 {[%emt 0:00:02]} 44. d5 {[%emt 0:00:02]} exd5 {[%emt 0:00:01]} 45. Bxd5 {[%emt 0:00:01]} b2 {[%emt 0:00:01]} 46. Kg2 {[%emt 0:00:01]} Rc1 {[%emt 0:00:05]} 47. Rd4 {[%emt 0:00:08]} b1=Q {[%emt 0:00:02]} 48. Bf3 {[%emt 0:00:02]} Rg1+ {[%emt 0:00:02]} 49. Kh2 {[%emt 0:00:02]} Rg6 {[%emt 0:00:05]} 50. e6 {[%emt 0:00:04]} Qg1# {[%emt 0:00:03] (Lag: Av=0.59s, max=1.0s)} 0-1

[Event "Stay Safe Play From Home 177"]
[Site "T#646359Emanuel Laske"]
[Date "2020.05.26"]
[Round "3"]
[White "Tobo Rubirosa"]
[Black "matanant"]
[Result "0-1"]
[WhiteElo "1652"]
[BlackElo "1693"]
[Annotator "NA RC"]
[PlyCount "80"]
[EventDate "2020.05.26"]
[EventType "swiss (blitz)"]

1. Nf3 {[%emt 0:00:03]} Nf6 {[%emt 0:00:02]} 2. d4 {[%emt 0:00:02]} d5 {[%emt 0:00:01]} 3. c4 {[%emt 0:00:01]} c6 {[%emt 0:00:06]} 4. Qc2 {[%emt 0:00:02]} e6 {[%emt 0:00:04]} 5. g3 {[%emt 0:00:02]} Ne4 {[%emt 0:00:03]} 6. Bg2 {[%emt 0:00:02]} Bb4+ {[%emt 0:00:05]} 7. Bd2 {[%emt 0:00:02]} Nxd2 {[%emt 0:00:03]} 8. Nbxd2 {[%emt 0:00:02]} O-O {[%emt 0:00:02]} 9. O-O {[%emt 0:00:03]} Nd7 {[%emt 0:00:01]} 10. Rfd1 {[%emt 0:00:01]} a6 {[%emt 0:00:05]} 11. e4 {[%emt 0:00:05]} Nf6 {[%emt 0:00:22]} 12. e5 {[%emt 0:00:04]} Nd7 {[%emt 0:00:02]} 13. Ng5 {[%emt 0:00:07]} f5 {[%emt 0:00:09]} 14. exf6 {[%emt 0:00:06]} Nxf6 {[%emt 0:00:05]} 15. Bh3 {[%emt 0:00:06]} Qe7 {[%emt 0:00:24]} 16. a3 {[%emt 0:00:08]} Bxd2 {[%emt 0:00:14]} 17. Rxd2 {[%emt 0:00:04]} e5 {[%emt 0:00:03]} 18. Bxc8 {[%emt 0:00:21]} Raxc8 {[%emt 0:00:02]} 19. dxe5 {[%emt 0:00:10]} Qxe5 {[%emt 0:00:03]} 20. Nf3 {[%emt 0:00:16]} Qh5 {[%emt 0:00:02]} 21. Nh4 {[%emt 0:00:45]} Ne4 {[%emt 0:00:03]} 22. Re2 {[%emt 0:00:06]} g5 {[%emt 0:00:05]} 23. Ng2 {[%emt 0:00:04]} Qf3 {[%emt 0:00:20]} 24. Ne1 {[%emt 0:00:12]} Qg4 {[%emt 0:00:05]} 25. f3 {[%emt 0:00:05]} Rxf3 {[%emt 0:00:02]} 26. Nxf3 {[%emt 0:00:03]} Qxf3 {[%emt 0:00:01]} 27. Rf1 {[%emt 0:00:04]} Qg4 {[%emt 0:00:15]} 28. Qd3 {[%emt 0:00:28]} Qe6 {[%emt 0:00:22]} 29. cxd5 {[%emt 0:00:04]} cxd5 {[%emt 0:00:02]} 30. Rd1 {[%emt 0:00:08]} Rc5 {[%emt 0:00:07]} 31. Qd4 {[%emt 0:00:10]} h6 {[%emt 0:00:08]} 32. b4 {[%emt 0:00:02]} Rb5 {[%emt 0:00:04]} 33. a4 {[%emt 0:00:02]} Rb6 {[%emt 0:00:03]} 34. Qxd5 {[%emt 0:00:01]} Qxd5 {[%emt 0:00:01]} 35. Rxd5 {[%emt 0:00:01]} Rxb4 {[%emt 0:00:00]} 36. Rd7 {[%emt 0:00:03]} b6 {[%emt 0:00:06]} 37. Rc2 {[%emt 0:00:03]} Nc5 {[%emt 0:00:06]} 38. Re2 {[%emt 0:00:03]} Nxd7 {[%emt 0:00:01]} 39. Re7 {[%emt 0:00:03]} Nf8 {[%emt 0:00:02]} 40. Ra7 {[%emt 0:00:02]} Rxa4 {[%emt 0:00:03] Tobo Rubirosa rinde (Lag: Av=0.87s, max=1.4s)} 0-1

[Event "Stay Safe Play From Home 177"]
[Site "T#646359Emanuel Laske"]
[Date "2020.05.26"]
[Round "4"]
[White "Haxhi Baha"]
[Black "Andrei_2011 Alex"]
[Result "1-0"]
[WhiteElo "1995"]
[BlackElo "1515"]
[Annotator "NA"]
[PlyCount "56"]
[EventDate "2020.05.26"]
[EventType "swiss (blitz)"]

1. e4 {[%emt 0:00:01]} c5 {[%emt 0:00:03]} 2. Nf3 {[%emt 0:00:03]} Nc6 {[%emt 0:00:07]} 3. d4 {[%emt 0:00:01]} cxd4 {[%emt 0:00:02] Andrei_2011 Alex offers a draw} 4. Nxd4 {[%emt 0:00:00]} g6 {[%emt 0:00:04]} 5. Nc3 {[%emt 0:00:04]} Bg7 {[%emt 0:00:02]} 6. Be3 {[%emt 0:00:01]} Nf6 {[%emt 0:00:03]} 7. Bc4 {[%emt 0:00:01]} d6 {[%emt 0:00:02]} 8. f3 {[%emt 0:00:12]} Bd7 {[%emt 0:00:05]} 9. Qd2 {[%emt 0:00:02]} Nxd4 {[%emt 0:00:24]} 10. Bxd4 {[%emt 0:00:00]} O-O {[%emt 0:00:02]} 11. h4 {[%emt 0:00:13]} Re8 {[%emt 0:00:12]} 12. h5 {[%emt 0:00:02]} Rc8 {[%emt 0:00:07]} 13. Bb3 {[%emt 0:00:09]} a6 {[%emt 0:00:12]} 14. hxg6 {[%emt 0:00:05]} hxg6 {[%emt 0:00:16]} 15. Nd5 {[%emt 0:00:06]} Be6 {[%emt 0:00:03]} 16. O-O-O {[%emt 0:00:18]} Bxd5 {[%emt 0:00:08]} 17. exd5 {[%emt 0:00:02]} Qd7 {[%emt 0:00:20]} 18. Rh3 {[%emt 0:00:07]} e5 {[%emt 0:00:12]} 19. dxe6 {[%emt 0:00:02]} fxe6 {[%emt 0:00:07] Andrei_2011 Alex offers a draw} 20. Rdh1 {[%emt 0:00:21]} Kf7 {[%emt 0:00:03]} 21. Bxf6 {[%emt 0:00:13]} Bxf6 {[%emt 0:00:04]} 22. Rh7+ {[%emt 0:00:02]} Bg7 {[%emt 0:00:04]} 23. Qf4+ {[%emt 0:00:17]} Ke7 {[%emt 0:00:18]} 24. Rxg7+ {[%emt 0:00:02]} Kd8 {[%emt 0:00:05]} 25. Rxd7+ {[%emt 0:00:01]} Kxd7 {[%emt 0:00:00]} 26. Rh7+ {[%emt 0:00:01]} Re7 {[%emt 0:00:01]} 27. Rxe7+ {[%emt 0:00:07]} Kxe7 {[%emt 0:00:00]} 28. Qg5+ {[%emt 0:00:01]} Kd7 {[%emt 0:00:03] Andrei_2011 Alex resigns (Lag: Av=1.10s, max=1.4s)} 1-0

[Event "Stay Safe Play From Home 177"]
[Site "T#646359Emanuel Laske"]
[Date "2020.05.26"]
[Round "4"]
[White "Lazieri3"]
[Black "Feldmaus"]
[Result "1-0"]
[WhiteElo "1993"]
[BlackElo "1845"]
[Annotator "TA"]
[PlyCount "55"]
[EventDate "2020.05.26"]
[EventType "swiss (blitz)"]

{[%evp 18,55,195,195,582,497,692,661,795,573,570,562,561,564,558,548,631,620,593,590,569,569,763,743,733,669,700,721,714,714,1724,1699,2468,1565,1621,1108,29981,877,823,816]} 1. e4 e6 2. Nc3 d5 3. Nf3 Nf6 4. e5 Nfd7 5. d4 c5 6. dxc5 Nc6 7. Bf4 Bxc5 8. Bd3 Qb6 9. O-O Qxb2 10. Nb5 {[#] Threatens to win with Nc7+.} f5 $146 {[#] C11: French: Classical System: 4 e5 and 4 Bg5 dxe4.} (10... Kf8 {is more resistant.} 11. Bd2 a6) ({Predecessor:} 10... Bb6 11. Bd2 d4 12. Rb1 Qxa2 13. Bc4 Qa4 14. Ra1 {1-0 (14) Pogosian,G (2070)-Sokolov,I (2048) Voronezh 2019}) 11. Bd2 Bb4 12. Nc7+ Kd8 13. Nxa8 Bxd2 14. Qxd2 Ndxe5 15. Nxe5 Qxe5 16. Bb5 Bd7 17. Bxc6 Bxc6 18. Qa5+ Kd7 19. Qxa7 d4 20. Rad1 Ke7 21. Nb6 Qe4 {[%csl Gc6][%cal Re4g2] [#]} 22. f3 Qe3+ 23. Kh1 e5 24. Nc4 Qc3 25. Nxe5 Kf6 26. Nxc6 bxc6 27. Qxd4+ (27. Rfe1 $142 Qb4 28. Qd7 Qf8 29. Qxd4+ Kg5 30. Re6 Qf6 31. Rxf6 gxf6 32. h4+ Kg6 33. Qf4) 27... Qxd4 $18 28. Rxd4 {White took control after the opening.} 1-0

[Event "Stay Safe Play From Home 177"]
[Site "T#646359Emanuel Laske"]
[Date "2020.05.26"]
[Round "4"]
[White "Opalus"]
[Black "Don59as"]
[Result "1-0"]
[WhiteElo "1958"]
[BlackElo "2081"]
[Annotator "NA"]
[PlyCount "61"]
[EventDate "2020.05.26"]
[EventType "swiss (blitz)"]

1. Nf3 {[%emt 0:00:02]} d5 {[%emt 0:00:01]} 2. e3 {[%emt 0:00:02]} g6 {[%emt 0:00:02]} 3. c4 {[%emt 0:00:04]} e6 {[%emt 0:00:02]} 4. d4 {[%emt 0:00:04]} Bg7 {[%emt 0:00:11]} 5. Qc2 {[%emt 0:00:10]} Ne7 {[%emt 0:00:03]} 6. Be2 {[%emt 0:00:08]} O-O {[%emt 0:00:01]} 7. O-O {[%emt 0:00:03]} a6 {[%emt 0:00:01]} 8. b3 {[%emt 0:00:05]} dxc4 {[%emt 0:00:04]} 9. bxc4 {[%emt 0:00:02]} b6 {[%emt 0:00:01]} 10. Bb2 {[%emt 0:00:03]} Bb7 {[%emt 0:00:01]} 11. e4 {[%emt 0:00:04]} Nd7 {[%emt 0:00:02]} 12. Nbd2 {[%emt 0:00:08]} h6 {[%emt 0:00:09]} 13. Rad1 {[%emt 0:00:05]} f5 {[%emt 0:00:02]} 14. d5 {[%emt 0:00:05]} fxe4 {[%emt 0:00:11]} 15. Bxg7 {[%emt 0:00:06]} exf3 {[%emt 0:00:13]} 16. Nxf3 {[%emt 0:00:00]} Kxg7 {[%emt 0:00:03]} 17. dxe6 {[%emt 0:00:03]} Nd5 {[%emt 0:00:32]} 18. cxd5 {[%emt 0:00:04]} Nc5 {[%emt 0:00:19]} 19. Ne5 {[%emt 0:00:13]} Qf6 {[%emt 0:00:03]} 20. f4 {[%emt 0:00:05]} Rad8 {[%emt 0:00:11]} 21. e7 {[%emt 0:00:04]} Qxe7 {[%emt 0:00:16]} 22. Qxg6+ {[%emt 0:00:02]} Kh8 {[%emt 0:00:02]} 23. Qxh6+ {[%emt 0:00:02]} Kg8 {[%emt 0:00:07]} 24. Rf3 {[%emt 0:00:25]} Ne4 {[%emt 0:00:08]} 25. Qg6+ {[%emt 0:00:07]} Qg7 {[%emt 0:00:02]} 26. Qxe4 {[%emt 0:00:04]} Bxd5 {[%emt 0:00:20]} 27. Rxd5 {[%emt 0:00:04]} Rd6 {[%emt 0:00:06]} 28. Bc4 {[%emt 0:00:24]} Rh6 {[%emt 0:00:09]} 29. Rd6+ {[%emt 0:00:09]} Kh8 {[%emt 0:00:02]} 30. Ng6+ {[%emt 0:00:02]} Rxg6 {[%emt 0:00:02]} 31. Rh3+ {[%emt 0:00:08] Don59as resigns (Lag: Av=0.66s, max=1.3s)} 1-0

[Event "Stay Safe Play From Home 177"]
[Site "T#646359Emanuel Laske"]
[Date "2020.05.26"]
[Round "4"]
[White "Tunca"]
[Black "Mest"]
[Result "1-0"]
[WhiteElo "1817"]
[BlackElo "1660"]
[Annotator "NA RC"]
[PlyCount "79"]
[EventDate "2020.05.26"]
[EventType "swiss (blitz)"]

1. e4 {[%emt 0:00:02]} d5 {[%emt 0:00:02]} 2. exd5 {[%emt 0:00:01]} Qxd5 {[%emt 0:00:01]} 3. Nf3 {[%emt 0:00:02]} Nc6 {[%emt 0:00:03]} 4. Nc3 {[%emt 0:00:02]} Qd8 {[%emt 0:00:01]} 5. d4 {[%emt 0:00:01]} Nf6 {[%emt 0:00:05]} 6. Bc4 {[%emt 0:00:04]} e6 {[%emt 0:00:02]} 7. Bf4 {[%emt 0:00:02]} Bd6 {[%emt 0:00:02]} 8. Ne5 {[%emt 0:00:02]} O-O {[%emt 0:00:05]} 9. O-O {[%emt 0:00:06]} h6 {[%emt 0:00:09]} 10. Re1 {[%emt 0:00:07]} Na5 {[%emt 0:00:05]} 11. Bd3 {[%emt 0:00:03]} Nc6 {[%emt 0:00:14]} 12. Bc4 {[%emt 0:01:04]} Ne7 {[%emt 0:00:24]} 13. Qf3 {[%emt 0:00:20]} c6 {[%emt 0:00:42]} 14. Rad1 {[%emt 0:00:11]} Ned5 {[%emt 0:00:05]} 15. Bg3 {[%emt 0:00:04]} Nh7 {[%emt 0:00:03]} 16. Ne4 {[%emt 0:00:10]} Bc7 {[%emt 0:00:24]} 17. h3 {[%emt 0:01:09]} Ndf6 {[%emt 0:00:07]} 18. Nxf6+ {[%emt 0:00:02]} Nxf6 {[%emt 0:00:01]} 19. c3 {[%emt 0:00:03]} a5 {[%emt 0:00:02]} 20. a4 {[%emt 0:00:02]} Nh7 {[%emt 0:00:08]} 21. Bd3 {[%emt 0:00:01]} Nf6 {[%emt 0:00:03]} 22. Bh4 {[%emt 0:00:01]} Bd7 {[%emt 0:00:05]} 23. Ng4 {[%emt 0:00:01]} Nd5 {[%emt 0:00:46]} 24. Bxd8 {[%emt 0:00:02]} Raxd8 {[%emt 0:00:00]} 25. Ne5 {[%emt 0:00:01]} Bxe5 {[%emt 0:00:01]} 26. Rxe5 {[%emt 0:00:01]} Ne7 {[%emt 0:00:02]} 27. Rxa5 {[%emt 0:00:02]} c5 {[%emt 0:00:01]} 28. Rxc5 {[%emt 0:00:02]} Bc6 {[%emt 0:00:01]} 29. Be4 {[%emt 0:00:01]} Nd5 {[%emt 0:00:02]} 30. Re1 {[%emt 0:00:03]} Ra8 {[%emt 0:00:06]} 31. b3 {[%emt 0:00:03]} Rad8 {[%emt 0:00:05]} 32. b4 {[%emt 0:00:03]} Nf6 {[%emt 0:00:04]} 33. Bxc6 {[%emt 0:00:02]} bxc6 {[%emt 0:00:00]} 34. Rxc6 {[%emt 0:00:00]} Ra8 {[%emt 0:00:01]} 35. a5 {[%emt 0:00:01]} Nd5 {[%emt 0:00:00]} 36. a6 {[%emt 0:00:01]} Rfb8 {[%emt 0:00:01]} 37. Ra1 {[%emt 0:00:02]} Ra7 {[%emt 0:00:02]} 38. Ra5 {[%emt 0:00:07]} g6 {[%emt 0:00:01]} 39. Rd6 {[%emt 0:00:02]} Nxc3 {[%emt 0:00:01]} 40. Qxc3 {[%emt 0:00:02] Mest terk eder (Lag: Av=0.61s, max=0.9s)} 1-0

[Event "Stay Safe Play From Home 177"]
[Site "T#646359Emanuel Laske"]
[Date "2020.05.26"]
[Round "4"]
[White "Kongle"]
[Black "Tvtower68"]
[Result "0-1"]
[WhiteElo "1791"]
[BlackElo "1766"]
[Annotator "NA"]
[PlyCount "94"]
[EventDate "2020.05.26"]
[EventType "swiss (blitz)"]

1. d4 {[%emt 0:00:02]} d5 {[%emt 0:00:01]} 2. c4 {[%emt 0:00:02]} c5 {[%emt 0:00:01]} 3. cxd5 {[%emt 0:00:02]} Qxd5 {[%emt 0:00:01]} 4. Nc3 {[%emt 0:00:03]} Qxd4 {[%emt 0:00:01]} 5. Qxd4 {[%emt 0:00:01]} cxd4 {[%emt 0:00:01]} 6. Nb5 {[%emt 0:00:00]} Na6 {[%emt 0:00:03]} 7. Nxd4 {[%emt 0:00:02]} e5 {[%emt 0:00:01]} 8. Ndf3 {[%emt 0:00:05]} Bd6 {[%emt 0:00:04]} 9. e4 {[%emt 0:00:01]} Nb4 {[%emt 0:00:03]} 10. Bb5+ {[%emt 0:00:02]} Ke7 {[%emt 0:00:05]} 11. Ba4 {[%emt 0:00:04]} Be6 {[%emt 0:00:10]} 12. Be3 {[%emt 0:00:10]} Nd3+ {[%emt 0:00:03]} 13. Kf1 {[%emt 0:00:05]} Nxb2 {[%emt 0:00:02]} 14. Bb3 {[%emt 0:00:06]} Nc4 {[%emt 0:00:05]} 15. Bg5+ {[%emt 0:00:05]} f6 {[%emt 0:00:01]} 16. Bh4 {[%emt 0:00:06]} g5 {[%emt 0:00:02]} 17. Bg3 {[%emt 0:00:01]} a5 {[%emt 0:00:04]} 18. Rc1 {[%emt 0:00:09]} b5 {[%emt 0:00:03]} 19. Ne2 {[%emt 0:00:06]} a4 {[%emt 0:00:01]} 20. Bxc4 {[%emt 0:00:05]} Bxc4 {[%emt 0:00:02]} 21. Rc2 {[%emt 0:00:06]} Nh6 {[%emt 0:00:18]} 22. h4 {[%emt 0:00:02]} g4 {[%emt 0:00:03]} 23. Nd2 {[%emt 0:00:02]} Bd3 {[%emt 0:00:03]} 24. Rb2 {[%emt 0:00:03]} Rhc8 {[%emt 0:00:07]} 25. Ke1 {[%emt 0:00:13]} Ba3 {[%emt 0:00:02]} 26. Rb1 {[%emt 0:00:09]} Bxb1 {[%emt 0:00:02]} 27. Nxb1 {[%emt 0:00:01]} Bb4+ {[%emt 0:00:06]} 28. Kd1 {[%emt 0:00:07]} Rd8+ {[%emt 0:00:02]} 29. Kc1 {[%emt 0:00:09]} Rac8+ {[%emt 0:00:02]} 30. Kb2 {[%emt 0:00:01]} a3+ {[%emt 0:00:09]} 31. Kb3 {[%emt 0:00:01]} Rc4 {[%emt 0:00:08]} 32. Nc1 {[%emt 0:00:16]} Rxe4 {[%emt 0:00:11]} 33. f3 {[%emt 0:00:02]} Red4 {[%emt 0:00:08]} 34. h5 {[%emt 0:00:10]} Bd6 {[%emt 0:00:08]} 35. fxg4 {[%emt 0:00:11]} Nxg4 {[%emt 0:00:02]} 36. Re1 {[%emt 0:00:06]} Ke6 {[%emt 0:00:18]} 37. Nxa3 {[%emt 0:00:11]} b4 {[%emt 0:00:18]} 38. Nb5 {[%emt 0:00:06]} Rd2 {[%emt 0:00:08]} 39. Nxd6 {[%emt 0:00:09]} R8xd6 {[%emt 0:00:01]} 40. Kxb4 {[%emt 0:00:08]} Rxg2 {[%emt 0:00:01]} 41. Bh4 {[%emt 0:00:07]} Rd4+ {[%emt 0:00:14]} 42. Kb3 {[%emt 0:00:05]} Nh2 {[%emt 0:00:09]} 43. a4 {[%emt 0:00:16]} Rxh4 {[%emt 0:00:02]} 44. a5 {[%emt 0:00:02]} Rg3+ {[%emt 0:00:01]} 45. Ka2 {[%emt 0:00:04]} Ra4+ {[%emt 0:00:01]} 46. Kb2 {[%emt 0:00:02]} Rxa5 {[%emt 0:00:01]} 47. Nb3 {[%emt 0:00:02]} Rb5 {[%emt 0:00:02] Kongle resigns (Lag: Av=0.51s, max=0.9s)} 0-1